000 00435nam a2200157 4500
001 116809
003 ES-MaACL
005 20230906190755.0
007 t|
008 070228s1917 fr r ||||1| fre d
100 1 _aPasselecq, Fernand.
_989447
245 1 3 _aLa question Flamande et l'Allemagne /
_cFernand Passelecq.
260 _aParis :
_bBerger-Levrault,
_c1917.
300 _aVII, 732 p. ;
_c19 cm.
852 _aES-MaACL
_jF-3221
999 _c116809
_d116809